000 00388pab a2200157 454500
008 180718b1998 xxu||||| |||| 00| 0 eng d
100 _aMukherjee, Sampat
245 _aMarketing management: use of the case method
260 _c1998
300 _ap.261-62
362 _aApr
650 _aMarketing
700 _aGupta, Sudakshina
773 _aManagement Accountant
909 _a37254
999 _c37254
_d37254